Záujmová umelecká činnosť na stredných odborných učilištiach

Bibliographic Details
Main Author: Hopta, Ivan, 1958- (Author)
Format: Article
Language:Slovak
Subjects:

MARC

LEADER 00000nab a2200000 a 4500
001 vtls000363234
003 SK-MaSNL
005 20260303210755.0
008 111202c1989 xo 0 slo
015 |a SNBRB19rr/mm-uuuuu 
035 |a CL0363356 
040 |a SNKBUCL  |b slo  |c SNKBUCL  |e AACR2 
041 0 |a slo 
044 |a xo  |c SK 
080 |a 379.82:7.077:377.35  |2 1981 
080 |a 7.077  |2 1981 
080 |a 377.35  |2 1981 
100 1 |a Hopta, Ivan,  |d 1958-  |4 aut  |9 110144 
245 1 0 |a Záujmová umelecká činnosť na stredných odborných učilištiach  |c Ivan Hopta 
650 0 7 |a voľný čas  |2 snkbucl  |9 3355 
650 0 7 |a činnosť záujmová umelecká  |2 snkbucl  |9 882657 
650 0 7 |a učilištia stredné odborné  |2 snkbucl  |9 880259 
655 7 |a články z novín a časopisov  |2 snkbucl  |9 267496 
773 0 |t Osvetová práca  |g Roč. 39, č. 11 (1989), s. 31-32 
850 |a Slovenská národná knižnica v Martine  |a MTA001 
852 |a SNK  |b KIS3GCP 
958 |a RK 
992 |a RBX 
999 |c 2201600  |d 2203530